| 000 | 00786nam a2200229 a 4500 | ||
|---|---|---|---|
| 001 | BRCA_251 | ||
| 005 | 20190320202933.0 | ||
| 008 | 271106s2000----mx-#---###---#000-0#spa-d | ||
| 020 | _a968798001X | ||
| 040 |
_aDLC _cDLC |
||
| 050 | 4 |
_aCD3650 _b.G85 2000 |
|
| 245 | 1 | 0 | _aGuía de archivos y bibliotecas privados. |
| 250 | _a2 | ||
| 260 |
_aMéxico _bAsociación Mexicana de Archivos y Bibliotecas Privados, A. C. (AMABPAC) _c2000 |
||
| 300 |
_a230 p. _c23 cm. |
||
| 500 | _a2do. ejemplar en el Área de Investigación | ||
| 650 | 1 | 4 |
_aArchivos personales _vDirectorios _zMéxico _9871 |
| 650 | 1 | 4 |
_aBibliotecas privadas _vDirectorios _zMéxico _9872 |
| 651 | 4 |
_aMéxico _vFuentes _xHistoria _9873 |
|
| 710 | 2 |
_aAsociación Mexicana de Archivos y Bibliotecas Privados _9874 |
|
| 942 |
_2lcc _cB |
||
| 999 |
_c207 _d207 |
||